Statistiques concernant Culture Générale - Série 2026

Cliquez ici pour prendre le quiz!

Statistiques générales

  • Ce quiz a été pris 57 fois
  • Le résultat moyen est 4 sur 10

Statistiques - réponses

QuestionRéponse% Correct
Quel nom donne-t-on à la femelle du sanglier ?laie
95%
Dans la religion catholique, quel mois du calendrier est celui de Marie ?mai
82%
Quelle station de métro parisienne de la ligne 9 porte le nom d'une victoire de Napoléon Bonaparte sur la Prusse ?Iena
65%
Il fut le jardinier du roi Louis XIV de 1645 à 1700André Le Nôtre
65%
Adjectif désignant une personne qui n'a aucune énergie, aucune volonté, faible, lâche - 5 lettres commençant par " v"veule
45%
Payer, donner de l'argent (en général à contrecoeur), c'est " cracher au ....bassinet
33%
Dans la mythologie grecque , la fille de Ménélas et d’Hélène (roi et reine de Sparte) a donné son nom à la frégate de la liberté de La FayetteHermione
33%
Long vêtement de dessus, chaud, très ample et ouvert par-devant, synonyme de cape, pèlerine - 11 lettres commençant par " h"houppelande
25%
Officiellement disparu, cet animal est parfois considéré comme l'ancêtre du cheval - 6 lettres commençant par " t " voir phototarpan
4%
Quel mot synonyme de mortaise désigne l'assemblage de deux pièces de bois à l'aide d'entailles sur leurs faces opposées ?adent
0%

Distribution des résultats

Percentile par nombre de réponses

% des personnes avec chaque résultat

Votre développement - résultats

Vous n’avez pas pris ce quiz